Producto final de investigación: artículo titulado. Psicoanálisis y género: sobre las relaciones entre sexualidad, agresión y autonomía en la mujer

Uloženo v:
Podrobná bibliografie
Hlavní autor: Hidalgo Xirinachs, Roxana
Médium: Text
Vydáno: San José: UCR. FCS. IIS
Témata:
Tagy: Přidat tag
Žádné tagy, Buďte první, kdo vytvoří štítek k tomuto záznamu!

MARC

LEADER 00000 a a2200000 04500
001 28844
003
040
090 |a 189900  
100 |a Hidalgo Xirinachs, Roxana  
245 |a Producto final de investigación: artículo titulado. Psicoanálisis y género: sobre las relaciones entre sexualidad, agresión y autonomía en la mujer  
260 |a San José:   |b UCR. FCS. IIS  
300 |a 33 p  
650 |a TEORIA SOCIAL  
650 |a RELACIONES DE GENERO  
650 |a PSICOANALISIS  
650 |a SEXUALIDAD  
650 |a ROLES DE LOS GENEROS  
999 |c 11578  |d 11578